A Guide to Pilates

Bibliographic Details
Main Author: Thorley, Louise
Format: Book
Published: Bath : Parragon Book , 2002
Subjects:

MARC

LEADER 00000cam a2200000 7i4500
001 0000068607
005 20030526.0
020 |a 0752571966 
090 0 0 |a 613.71   |b THO 
100 1 |a Thorley, Louise 
245 1 2 |a A Guide to Pilates   |c Louise Thorley 
260 |a Bath :   |b Parragon Book ,   |c 2002 
300 |a 64p. :   |b ill. ;   |c 25cm. 
650 0 0 |a Exercise 
650 0 0 |a Pilates method 
999 |a 00150163   |b BUKU   |c PINJAMAN   |e PERPUSTAKAAN KOMUNITI PETALING JAYA